00287nam a2200121Ia 4500008004100000100002000041245003000061260003000091300000900121650001300130942000700143999001500150190216s9999||||xx |||||||||||||| ||und|| aBhagwati Prasad 0aOutline Of Income Tax Law bCentral Law Agenccyc1979 a452p aCommerce cBK c8312d8312